Personnes célèbres de Normandie par images - Statistiques

Statistiques générales
  • Ce quiz a été pris 9 288 fois
    9 185 depuis la dernière actualisation
  • Le résultat moyen est 7 sur 16
Statistiques - réponses
Par images Réponse % Correct
Orelsan
95%
Edouard Philippe
81%
Ousmane Dembélé
79%
Michel Drucker
77%
Elise Lucet
56%
Esteban Ocon
51%
Valérie Lemercier
48%
Laetitia Casta
31%
Guillaume le Conquérant
23%
Karine Viard
23%
Guy de Maupassant
21%
Nathalie Baye
21%
Flavie Flament
20%
Anny Duperey
16%
Thérèse de Lisieux
16%
Pierre Corneille
12%
Aucun quiz correspondant
Distribution des résultats
% des personnes avec chaque résultat
Percentile par nombre de réponses
Votre historique - résultats
Vous n’avez pas pris ce quiz depuis la dernière actualisation